| 000 | 00362nam a2200157Ia 4500 | ||
|---|---|---|---|
| 008 | 150301s2008 xx 000 0 und d | ||
| 020 | _a9788184482997 | ||
| 082 |
_a618.1 _bA08T |
||
| 100 | _aTRIVEDI, S.S. | ||
| 245 | _aANIMIA IN PREGNANCY | ||
| 250 | _a1ST | ||
| 260 |
_bJAYPEE _aDELHI _c2008 |
||
| 300 | _a206 | ||
| 650 | _aOBST. & GYNE | ||
| 942 |
_2ddc _cBK _01 |
||
| 999 |
_c6760 _d6760 |
||